000 00470nam a2200181Ia 4500
003 GCL
008 140319s9999 xx 000 0 ara d
040 _aGCL /
_cGCL
082 0 4 _a610.9
_bب ق
100 1 _aبول غليونجى
245 1 0 _aقطوف من تاريخ الطب /
_cبول غليونجى
260 _a[S.N] :
_bدار المعارف
300 _a388 ص
490 _a
650 0 4 _aالطب
650 0 4 _aالطب - تاريخ
942 _2ddc
_cBK
999 _c55137
_d55137